Duelo en el paraíso
Guardat en:
| Autor principal: | |
|---|---|
| Format: | Llibre |
| Idioma: | espanyol |
| Publicat: |
Barcelona
Destino
1974
|
| Edició: | 6a. ed |
| Col·lecció: | Ancora y delfín, 183
|
| Matèries: | |
| Etiquetes: |
Afegir etiqueta
Sense etiquetes, Sigues el primer a etiquetar aquest registre!
|
MARC
| LEADER | 00000nam a2200000 a 4500 | ||
|---|---|---|---|
| 001 | UCQ5650 | ||
| 003 | CL-VaPUC | ||
| 008 | 981002e19740000SP |||||||||||||||||spa|d | ||
| 082 | 0 | 4 | |a 863 |b GOY |2 21 |
| 100 | 0 | |a Goytisolo, Juan |e author |9 376899 | |
| 245 | 1 | 0 | |a Duelo en el paraíso |
| 250 | |a 6a. ed | ||
| 300 | |a 282 p | ||
| 942 | |c BK | ||
| 945 | |d 19981002 00:00:00 |a crobeson | ||
| 260 | |a Barcelona |b Destino |c 1974 | ||
| 650 | 0 | |a Novelas españolas |9 265052 | |
| 650 | 0 | |a Literatura española |9 306261 | |
| 583 | |a last modification |c 19981002 00:00:00 |k Rodrigo Vera | ||
| 490 | 0 | |a Ancora y delfín, 183 | |
| 999 | |c 275855 |d 275853 | ||
| 952 | |0 0 |1 0 |4 0 |6 863_000000000000000_GOY_1974 |7 0 |8 A |9 312705 |a BIBEDU |b BIBEDU |d 2019-11-20 |i 1475541 |o 863 GOY 1974 |p 1475541 |r 2019-11-20 |w 2019-11-20 |y BK |k LIT | ||
| 952 | |0 0 |1 0 |4 0 |6 863_000000000000000_GOY_1974 |7 0 |8 A |9 312706 |a BIBEDU |b BIBEDU |d 2019-11-20 |i 147555K |o 863 GOY 1974 |p 147555K |r 2019-11-20 |w 2019-11-20 |y BK |k LIT | ||
| 952 | |0 0 |1 0 |4 0 |6 863_000000000000000_GOY_1974 |7 0 |8 A |9 312707 |a BIBEDU |b BIBEDU |d 2019-11-20 |i 1475568 |o 863 GOY 1974 |p 1475568 |r 2019-11-20 |w 2019-11-20 |y BK |k LIT | ||